Statistiques concernant Nommez un pays européen valide

Cliquez ici pour prendre le quiz!

Statistiques générales

  • Ce quiz a été pris 2,030 fois
  • Le résultat moyen est 14 sur 18

Statistiques - réponses

Nommez un pays européen ... Pays potentiels Pays % Correct
qui est situé dans les AlpesAllemagne | Autriche | France | Italie | Liechtenstein | Slovénie | SuisseAllemagne | Autriche | France | Italie |
Liechtenstein | Slovénie | Suisse
99%
bordant la RussieBiélorussie | Estonie | Finlande | Lettonie | Lituanie | Norvège | Pologne | UkraineBiélorussie | Estonie | Finlande | Lettonie |
Lituanie | Norvège | Pologne | Ukraine
99%
qui a participé au premier EurovisionAllemagne | Belgique | France | Italie | Luxembourg | Pays-Bas | SuisseAllemagne | Belgique | France | Italie |
Luxembourg | Pays-Bas | Suisse
98%
avec plus d'un motBosnie-Herzégovine | Pays-Bas | République tchèque | Royaume-Uni | Saint-MarinBosnie-Herzégovine | Pays-Bas | République tchèque |
Royaume-Uni | Saint-Marin
97%
avec moins de 100 000 personnesAndorre | Liechtenstein | Monaco | Saint-Marin | VaticanAndorre | Liechtenstein | Monaco | Saint-Marin | Vatican
94%
qui n'est pas dans l'Union européenneAlbanie | Andorre | Biélorussie | Bosnie-Herzégovine | Islande | Kosovo | Liechtenstein | Macédoine du Nord | Moldavie | Monaco | Monténégro | Norvège | Russie | Saint-Marin | Serbie | Suisse | Ukraine | VaticanAlbanie | Andorre | Biélorussie | Islande | +14 autres
91%
qui est traversé par le DanubeAllemagne | Autriche | Bulgarie | Croatie | Hongrie | Moldavie | Roumanie | Serbie | Slovaquie | UkraineAllemagne | Autriche | Bulgarie | Croatie | Hongrie |
Moldavie | Roumanie | Serbie | Slovaquie | Ukraine
89%
contenant un 'K' dans son nomDanemark | Kosovo | UkraineDanemark | Kosovo | Ukraine
87%
sans rouge sur son drapeau nationalBosnie-Herzégovine | Estonie | Finlande | Grèce | Irlande | Kosovo | Saint-Marin | Suède | UkraineBosnie-Herzégovine | Estonie | Finlande | Grèce |
Irlande | Kosovo | Saint-Marin | Suède | Ukraine
86%
qui est un pays insulaireIrlande | Islande | Malte | Royaume-UniIrlande | Islande | Malte | Royaume-Uni
85%
dont l'espérance de vie est inférieure à 75 ansBiélorussie | Bulgarie | Lettonie | Lituanie | Moldavie | Roumanie | Russie | UkraineBiélorussie | Bulgarie | Lettonie | Lituanie |
Moldavie | Roumanie | Russie | Ukraine
82%
avec une altitude moyenne inférieure à 100mDanemark | Estonie | Lettonie | Monaco | Pays-Bas | VaticanDanemark | Estonie | Lettonie | Monaco | Pays-Bas | Vatican
79%
qui était adhéré à la zone euro après 2000Estonie | Grèce | Lettonie | Lituanie | Malte | Slovaquie | SlovénieEstonie | Grèce | Lettonie | Lituanie | Malte | Slovaquie | Slovénie
60%
qui ne fait pas partie de l'OTANAndorre | Autriche | Biélorussie | Bosnie-Herzégovine | Finlande | Irlande | Kosovo | Liechtenstein | Macédoine du Nord | Malte | Moldavie | Monaco | Russie | Saint-Marin | Serbie | Suède | Suisse | Ukraine | VaticanAndorre | Autriche | Biélorussie | Finlande | +15 autres
59%
avec une capitale de 4 lettresItalie (Rome) | Lettonie (Riga) | Norvège (Oslo) | Ukraine (Kiev)Italie | Lettonie | Norvège | Ukraine
58%
dont la langue officielle est le français
(à l'exception de la France)
Belgique | Luxembourg | Monaco | SuisseBelgique | Luxembourg | Monaco | Suisse
53%
où au moins 97,5 % de la population utilise l'InternetEstonie | Islande | Liechtenstein | NorvègeEstonie | Islande | Liechtenstein | Norvège
37%
dont plus de la moitié de sa superficie totale est couverte de forêtsEstonie | Finlande | Lettonie | Monténégro | Slovénie | SuèdeEstonie | Finlande | Lettonie | Monténégro | Slovénie | Suède
35%

Distribution des résultats

Percentile by Number Answered

% des personnes avec chaque résultat

Votre développement - résultats

Vous n’avez pas pris ce quiz